| 000 | 01412cam a2200349 a 4500 | ||
|---|---|---|---|
| 001 | 15410431 | ||
| 003 | Nust- CAS-E | ||
| 005 | 20180118181406.0 | ||
| 008 | 080813s2008 dcua b 001 0 eng | ||
| 010 | _a 2008035797 | ||
| 020 | _a9780875904436 | ||
| 040 |
_aDLC _cDLC _dDLC |
||
| 050 | 0 | 0 |
_aGC228.5 _b.M34 2008 |
| 082 | 0 | 0 |
_a551.1 _222 _bMAG 2008 |
| 245 | 0 | 0 |
_aMagma to microbe : _bmodeling hydrothermal processes at ocean spreading centers / _cRobert P. Lowell ... [et al.], editors. |
| 260 |
_aWashington, DC : _bAmerican Geophysical Union, _cc2008. |
||
| 300 |
_aviii, 285 p. : _bill. ; _c28 cm. |
||
| 490 | 0 |
_aGeophysical monograph ; _v178 |
|
| 502 | _a0 | ||
| 504 | _aIncludes bibliographical references and index. | ||
| 650 | 0 |
_aHydrothermal circulation (Oceanography) _xMathematical models. |
|
| 650 | 0 |
_aSeawater _xThermodynamics _xMathematical models. |
|
| 650 | 0 |
_aHydrothermal vents _xMicrobiology. |
|
| 650 | 0 | _aMid-ocean ridges. | |
| 650 | 0 | _aSea-floor spreading. | |
| 700 | 1 | _aLowell, Robert P. | |
| 856 | 4 | 1 |
_3Table of contents only _uhttp://www.loc.gov/catdir/toc/ecip0825/2008035797.html |
| 856 | 4 | 2 |
_3Publisher description _uhttp://www.loc.gov/catdir/enhancements/fy1307/2008035797-d.html |
| 906 |
_a7 _bcbc _corignew _d1 _eecip _f20 _gy-gencatlg |
||
| 942 |
_2ddc _cBK |
||
| 999 |
_c355582 _d355582 |
||